Hodnotíme účastníkov jesennej časti Corgoň ligy 2005/2006 6. miesto AS Trenčín

Bibliographic Details
Format: Article
Language:Slovak
PhysicalDescription:Tab.
ISSN:0139-7001
Subjects:

MARC

LEADER 00000nab a2200000 ar4500
001 vtls008419476
003 SK-MaSNL
005 20260303070101.0
008 051219c20051205xo sr|p|||||||000 b|slo
015 |a SNBRB2005/12  |2 snkbucl 
038 |a SNKBUCL 
040 |a SNKBUCL  |b slo  |c SNKBUCL  |e AACR2 
041 0 |a slo 
044 |a xo  |c SK 
080 |a 796.332  |x (437.6)  |2 UDC-MRF-SK2 
245 0 0 |a Hodnotíme účastníkov jesennej časti Corgoň ligy 2005/2006  |b 6. miesto AS Trenčín 
300 |b Tab. 
610 2 7 |a AS Trenčín  |2 snkbucl  |9 857515 
648 7 |a sezóna 2005/2006  |2 snkbucl  |9 1033192 
650 0 7 |a futbal  |2 snkbucl  |9 3291 
650 0 7 |a 6. miesto  |2 snkbucl  |9 859537 
650 0 7 |a 1. liga  |2 snkbucl  |9 722880 
773 0 |t Šport  |g Roč. 59, č. 285 (13.12.2005), s. 6  |x 0139-7001 
852 |a SNK  |b KIS3GCP 
999 |c 1753883  |d 1755813